000 01334cam a2200301 i 4500
999 _c19998
_d19998
005 20180803170436.0
008 061207t20062006dcuado fr 000 0 spa d
020 _a1881173461
040 _dUkOxU
_aCO-BoIAVH
_cCO-BoIAVH
041 0 _aspa
082 _a333.95098
_bL34e
100 _aLasso, Carlos A.
_eeditor
245 0 0 _aEvaluación rápida de la biodiversidad de los ecosistemas acuáticos en la confluencia de los ríos Orinoco y Ventuari, Estado Amazonas (Venezuela) /
_cCarlos A. Lasso, Josefa Celsa Señaris, Leeanne E. Alonso y Ana Liz Flores (Editores)
246 1 _aRapid Assessment Program = Programa de Evaluación Rápida
260 _aVirginia:
_bConservación Internacional,
_c2006.
300 _a240 páginas :
_b ilustraciones, gráficas y fotografías ;
_c28 x 22 cm
490 _aBoletín RAP de evaluación biologica ;
_aRAP bulletin of biological assessment ;
_v30
650 2 6 _aEcología
_z Amazonas (Venezuela)
650 2 6 _aConservación de ecosistemas
650 2 6 _aEcosistemas acuáticos
650 2 6 _aOrnitofauna
650 2 6 _aHerpetofauna
650 2 6 _aFauna acuática
700 1 _aSeñaris, Josefa Celsa,
_eeditor.
700 1 _aAlonso, Leeanne E.
_eeditor.
700 1 _aFlores, Ana Liz,
_eeditor.
942 _2ddc
_cLIBRO